<?xml version="1.0" encoding="UTF-8"?>
<record
    xmlns:xsi="http://www.w3.org/2001/XMLSchema-instance"
    xsi:schemaLocation="http://www.loc.gov/MARC21/slim http://www.loc.gov/standards/marcxml/schema/MARC21slim.xsd"
    xmlns="http://www.loc.gov/MARC21/slim">

  <leader>00749nam a22001577a 4500</leader>
  <controlfield tag="003">OSt</controlfield>
  <controlfield tag="005">20151203092204.0</controlfield>
  <controlfield tag="008">151203b        xxu||||| |||| 00| 0 eng d</controlfield>
  <datafield tag="040" ind1=" " ind2=" ">
    <subfield code="c">RUA </subfield>
  </datafield>
  <datafield tag="082" ind1=" " ind2=" ">
    <subfield code="a">FIS LIN 2006 B178 Or.1</subfield>
  </datafield>
  <datafield tag="100" ind1=" " ind2=" ">
    <subfield code="9">4181</subfield>
    <subfield code="a">LING KIMRITH;&#x200B; &#x17A1;&#x17B9;&#x1784; &#x1782;&#x17B9;&#x1798;&#x179A;&#x17B7;&#x1791;&#x17D2;&#x1792;</subfield>
  </datafield>
  <datafield tag="245" ind1=" " ind2=" ">
    <subfield code="a">Effect of effective macroorganism on water quality for rearing giant freshwater prawn macrobrachium rosenbergii, &#x1794;&#x17D2;&#x179A;&#x179F;&#x17B7;&#x1791;&#x17D2;&#x1792;&#x1797;&#x17B6;&#x1796;&#x17A2;&#x178F;&#x17B7;&#x179F;&#x17BB;&#x1781;&#x1798;&#x1794;&#x17D2;&#x179A;&#x17B6;&#x178E;&#x1798;&#x17B6;&#x1793;&#x1794;&#x17D2;&#x179A;&#x1799;&#x17C4;&#x1787;&#x1793;&#x17CD; (&#x17A2;&#x17CA;&#x17B8;&#x17A2;&#x17CA;&#x17B9;&#x1798;) &#x1791;&#x17C5;&#x179B;&#x17BE;&#x1782;&#x17BB;&#x178E;&#x1797;&#x17B6;&#x1796;&#x1791;&#x17B9;&#x1780; &#x179F;&#x17C6;&#x179A;&#x17B6;&#x1794;&#x17CB;&#x1790;&#x17C2;&#x1794;&#x17C6;&#x1794;&#x17C9;&#x1793;&#x1780;&#x17BC;&#x1793;&#x1794;&#x1784;&#x17D2;&#x1780;&#x1784;.</subfield>
  </datafield>
  <datafield tag="260" ind1=" " ind2=" ">
    <subfield code="a">Phnom Penh </subfield>
    <subfield code="b">RUA</subfield>
    <subfield code="c">2006</subfield>
  </datafield>
  <datafield tag="300" ind1=" " ind2=" ">
    <subfield code="a">xii; 49p.</subfield>
    <subfield code="b">ill.</subfield>
    <subfield code="c">29cm.</subfield>
  </datafield>
  <datafield tag="942" ind1=" " ind2=" ">
    <subfield code="2">ddc</subfield>
    <subfield code="c">FIS</subfield>
  </datafield>
  <datafield tag="999" ind1=" " ind2=" ">
    <subfield code="c">3895</subfield>
    <subfield code="d">3895</subfield>
  </datafield>
  <datafield tag="952" ind1=" " ind2=" ">
    <subfield code="0">0</subfield>
    <subfield code="1">0</subfield>
    <subfield code="2">ddc</subfield>
    <subfield code="4">0</subfield>
    <subfield code="6">FIS_LIN_2006_000000000000000_B178_OR_1</subfield>
    <subfield code="7">0</subfield>
    <subfield code="9">19633</subfield>
    <subfield code="a">LBB</subfield>
    <subfield code="b">LBB</subfield>
    <subfield code="c">B178</subfield>
    <subfield code="d">2015-12-03</subfield>
    <subfield code="o">FIS LIN 2006 B178 Or.1</subfield>
    <subfield code="p">RUA035920</subfield>
    <subfield code="r">2015-12-03</subfield>
    <subfield code="w">2015-12-03</subfield>
    <subfield code="y">FIS</subfield>
  </datafield>
</record>
